000 00539nam a22001937a 4500
005 20260515115024.0
008 240624b |||||||| |||| 00| 0 eng d
040 _aIN-DiNC
_cIN-DiNC
041 _dasm
082 _a780
_bPHU
100 _aPhukan, Lakhima
_eauthor
245 _aSangeet prarombhika:
_bsangeet sikshar hatputhi/
_cby Lakhima Phukan
250 _a1st ed.
260 _aGuwahati:
_bKunjalata prakashan,
_c2016.
300 _a136p.
650 _aIndian classical music
650 _aFolk and modern song
942 _2ddc
_cBK
999 _c11841
_d11841